El Triángulo de las Bermudas / (Registro nro. 31175)
[ vista simple ]
| 000 -LEADER | |
|---|---|
| fixed length control field | 02421nam a22003137a 4500 |
| 003 - CONTROL NUMBER IDENTIFIER | |
| control field | OSt |
| 005 - DATE AND TIME OF LATEST TRANSACTION | |
| control field | 20260421111345.0 |
| 008 - FIXED-LENGTH DATA ELEMENTS--GENERAL INFORMATION | |
| fixed length control field | 260421b |||||||| |||| 00| 0 eng d |
| 020 ## - INTERNATIONAL STANDARD BOOK NUMBER | |
| International Standard Book Number | 8428604649 |
| 037 ## - SOURCE OF ACQUISITION | |
| Source of stock number/acquisition | Donación |
| 040 ## - CATALOGING SOURCE | |
| Original cataloging agency | CO-JMCR |
| Language of cataloging | spa |
| Transcribing agency | CO-JMCR |
| Modifying agency | CO-JMCR |
| Description conventions | rda |
| 041 1# - LANGUAGE CODE | |
| Language code of text/sound track or separate title | spa |
| Language code of original | eng |
| 082 04 - DEWEY DECIMAL CLASSIFICATION NUMBER | |
| Classification number | 001.94 |
| Item number | B45t |
| 100 1# - MAIN ENTRY--PERSONAL NAME | |
| Personal name | Berlitz, Charles Frambach, |
| Dates associated with a name | 1913 - 2003 |
| Relator term | autor |
| 9 (RLIN) | 44614 |
| 245 12 - TITLE STATEMENT | |
| Title | El Triángulo de las Bermudas / |
| Statement of responsibility, etc. | Charles Frambach Berlitz ; traducción José Cayuela |
| 264 ## - PRODUCTION, PUBLICATION, DISTRIBUTION, MANUFACTURE, AND COPYRIGHT NOTICE | |
| Place of production, publication, distribution, manufacture | Barcelona : |
| Name of producer, publisher, distributor, manufacturer | Editorial Pomaire, |
| Date of production, publication, distribution, manufacture, or copyright notice | 1975 |
| 300 ## - PHYSICAL DESCRIPTION | |
| Extent | 291 páginas : |
| Other physical details | ilustraciones, mapas ; |
| Dimensions | 20 cm. |
| 500 ## - GENERAL NOTE | |
| General note | Incluye biografía |
| 504 ## - BIBLIOGRAPHY, ETC. NOTE | |
| Bibliography, etc. note | Bibliografía : páginas 289 - 291 |
| 505 0# - FORMATTED CONTENTS NOTE | |
| Formatted contents note | El Triángulo de las Bermudas un misterio del aire y el mar -- El Triángulo de los aviones desaparecidos -- El "Mar de los barcos perdidos" -- Los que escaparon -- ¿Existe un explicación lógica? -- Trastornos del tiempo y el espacio. Otros mundos -- Una sugerencia del pasado del Océano -- Sorpresas de la Prehistoria -- Los observadores : ¿Protectores, invasores, o simples curiosos? -- Agradecimiento -- Bibliografía |
| 520 3# - SUMMARY, ETC. | |
| Summary, etc. | ¿Una puerta hacia otra dimensión u otra galaxia?<br/>Desaparece un escuadrón de cinco aviones de la Marina junto con un avión de rescate. Aparece en alta mar un barco abandonado sin que haya huella alguna de su tripulación ni de sus pasajeros. Un barco sumergido emerge desde su tumba en el fondo del mar.<br/><br/>Estas desapariciones -y apariciones- inexplicables no están tomadas de algún relato de ciencia ficción, sino que son hechos comprobados, en relación con uno de los grandes enigmas de nuestro tiempo : el Triángulo de las Bermudas, un lugar del Atlántico frente a la costa sudeste de los Estados Unidos, en la que un centenar de aviones y más de un millar de personas se han literalmente devanecido en el aire.<br/><br/>Lea en este relato uno de los más fascinantes misterios de nuestro planeta y una teoría sobre las fuerzas extraterrestres que quizás puedan muy bien explicarlo. |
| 534 ## - ORIGINAL VERSION NOTE | |
| Introductory phrase | Título original : |
| Title statement of original | The Bermuda Triangle |
| 546 ## - LANGUAGE NOTE | |
| Language note | Traducido del ingles |
| 650 #7 - SUBJECT ADDED ENTRY--TOPICAL TERM | |
| Topical term or geographic name entry element | Triángulo de las Bermudas |
| General subdivision | Naufragios |
| Source of heading or term | JMCR |
| 9 (RLIN) | 44615 |
| 650 #7 - SUBJECT ADDED ENTRY--TOPICAL TERM | |
| Topical term or geographic name entry element | Triángulo de las Bermudas |
| General subdivision | Misterio |
| Source of heading or term | JMCR |
| 9 (RLIN) | 44616 |
| 650 #7 - SUBJECT ADDED ENTRY--TOPICAL TERM | |
| Topical term or geographic name entry element | Triángulo de las Bermudas |
| General subdivision | Tiempo y espacio |
| Source of heading or term | JMCR |
| 9 (RLIN) | 44617 |
| 700 1# - ADDED ENTRY--PERSONAL NAME | |
| Personal name | Cayuela, Jose, |
| Relator term | traductor |
| 9 (RLIN) | 1167 |
| 942 ## - ADDED ENTRY ELEMENTS (KOHA) | |
| Source of classification or shelving scheme | Dewey Decimal Classification |
| Koha item type | Books |
| Withdrawn status | Lost status | Source of classification or shelving scheme | Damaged status | Not for loan | Collection code | Home library | Current library | Shelving location | Date acquired | Source of acquisition | Total Checkouts | Full call number | Barcode | Date last seen | Copy number | Price effective from | Koha item type |
|---|---|---|---|---|---|---|---|---|---|---|---|---|---|---|---|---|---|
| Dewey Decimal Classification | Non-fiction | Biblioteca Pública José María del Castillo y Rada | Biblioteca Pública José María del Castillo y Rada | Book Cart | 01/17/2023 | Donación | 001.94 B45t | 201811909 | 04/21/2026 | Ej. 1 | 04/21/2026 | Books |